| 000 | 004730000a22001690004500 | ||
|---|---|---|---|
| 003 | LK-CoMWRAF | ||
| 008 | 230817t ||||| |||| 00| 0 eng d | ||
| 040 |
_aLK-CoMWRAF _dLK-CoMWRAF _eLK-CoMWRAF |
||
| 041 | _aeng | ||
| 082 |
_a770 _bTEN |
||
| 100 | _aTennakoon, Serena | ||
| 245 |
_aRituals of development : The accelerated mahavali development program of Sri Lanka _b |
||
| 260 |
_aColombo _bSSA _c1988 |
||
| 300 | _ap. | ||
| 650 | _adevelopment & economics | ||
| 942 | _cBK | ||
| 999 |
_c2991 _d2991 |
||